000 00277nam a2200109Ia 4500
008 190906s9999||||xx |||||||||||||| ||und||
100 _a Tariq Mahmud
245 4 _aThe Book of Shah Abdul Latif
260 _aKarachi
_bShah Abdul Latif Bhitai
_c2000
300 _a186
942 _cBK
999 _c6111
_d6111